000 00514 a2200181 4500
003 Nust
005 20170207153550.0
040 _cNust
082 _a005.8
100 _aSadiq, Masood (Cryptology-1)
245 _aA software for testing random number sequences
_cMasood Sadiq
260 _bMCS
300 _a75: p
505 _aIntroduction (page-1), Rolling die (page-39), Statistical tests (page-57), Conclusion (page-74).
538 _aAlmirah No.70 Shelf No.1
650 _aMS Thesis
651 _a(Cryptology-1)
942 _cTHS
999 _c188824
_d188824